000
00308nam a22001337a 4500
008
180918b xxu||||| |||| 00| 0 eng d
020
_a
9780321426581
041
_a
eng
080
_a
330
100
_a
59
101
_a
BUS
245
_a
Business Staistics A first Course
_c
SharpeD/V
942
_2
udc
_c
BK
999
_c
47935
_d
47935